00804nam a22002057a 4500999001700000082001200017100002400029100002000053100003400073245014500107260002700252300000800279700003900287700004100326700004000367700004400407700003700451942001100488952009900499 c66872d66869 aR/1CH16 aGhulam Hyder Lanjar aRoll No. 16CH27 aSupervisor - Engr. Ahsan Rao  aReview and the Study of Designing and Performance Evaluation of Microbial Fuel Cell for Production the Electric Power by using Tannery Waste aNawabshahbQUESTc2019 a87p aAzhar Ali Shaikh (Roll No. 16CH30) aHizbullah Bhanbhro (Roll No. 16CH10) aNaveed Ahmed Samo (Roll No. 16CH51) aIftikhar Ahmed Soomro (Roll No. 16CH15) aImam Ali Brohi (Roll No. 16CH50) cTHESIS 00104070aRESEARCHbRESEARCHd2021-01-15l0oR/1CH16pCHP/01-06r2021-01-15 00:00:00yTHESIS